=LDR 00000nam 2200000 4500 =001 NUTBA000000000005699 =005 20141105151516.0 =006 =007 =008 =020 ##$$a 979.9316.62-3 =035 ##$$a 0010-111400000000178 =040 ##$$a NBPDMAT =082 ##$$a 333.761 3 =090 ##$$a 333.761 3 Gat p =100 ##$$a Gatot Irianto =245 ##$$a Pengelolaan sumber daya lahan dan air$bStrategi pendekatan dan pendayagunaanya$cGatot Irianto =250 ##$$a Cet. 1 =260 ##$$a Jakarta$bPopos Suar sinanti$c2009 =300 ##$$a 196 hlm$bilus$c21 cm =650 ##$$a Sumber Daya Lahan-Pemanfaatan =850 ##$$a NBPDMAT